[Event "Escaldes zt"]
[Site "Escaldes"]
[Date "1998.11.10"]
[Round "5"]
[White "Godena, Michele"]
[Black "Cekro, Ekrem"]
[Result "1-0"]
[WhiteElo "2510"]
[BlackElo "2385"]
[Annotator "Smirin,I"]
[PlyCount "65"]
[EventDate "1998.11.06"]
[EventType "swiss"]
[EventRounds "9"]
[EventCountry "AND"]
[SourceTitle "CBM 068"]
[Source "ChessBase"]
[SourceDate "1999.02.01"]
[SourceVersion "1"]
[SourceVersionDate "1999.02.01"]
[SourceQuality "1"]

1. e4 d6 2. d4 Nf6 3. Nc3 g6 4. g3 Bg7 5. Bg2 O-O 6. Nge2 Nbd7 7. O-O e5 (7...
Rb8 $1 $146 {[%cal Gb7b5,Yc7c5] Agrest} 8. a4 c5 9. h3 b6 10. Be3 Bb7 (10...
cxd4 $5 11. Nxd4 Bb7 $132 {[%cal Gd7c5]}) 11. d5 {[%csl Rb7]} Ne8 12. Rb1 Nc7
13. f4 a6 $13 {[%cal Gb6b5] Oratovsky,M-Agrest, Bastia 1998 1/2 (15)}) 8. h3
Qe7 (8... b6 9. dxe5 $6 dxe5 10. Nd5 Nxd5 11. exd5 f5 (11... Ba6 $5) 12. c4 (
12. d6 $5 Rb8 {[%tqu "En","","","","c1g5","",10]} 13. Bg5 $1 Nf6 14. Qd5+ $1
Kh8 15. Qxe5 cxd6 16. Qf4 Qc7 17. c3 $14 {[%csl Gd4,Rd6][%cal Gg5h6]}) 12...
Bb7 13. Nc3 e4 $13 {[%cal Gd7e5] Schulz,K-Spassky,B/Lugano op 1982 0:1 (37)}) (
8... a6 9. a4 b6 10. Be3 Bb7 11. d5 Qb8 {[%cal Gc7c6,Yb8d6]} 12. g4 c6 13. Ng3
cxd5 14. exd5 h6 15. Qd2 Kh7 16. f4 exf4 17. Rxf4 Qd8 18. Raf1 $14 {Arbakov,
V-Markowski,T/Biel op MTO 1996 1:0 (30)}) 9. Be3 c6 10. a4 {Typical for this
type of positions move.White preventing blacks counterplay on queenside after
b5.} Re8 11. Qd2 exd4 12. Bxd4 Ne5 $6 {Loosing couple of important temps.
After this move is very difficult to black to coordinate his pieses} (12... Nc5
$142 $5 13. Bxc5 (13. Bxf6 Bxf6 14. Rad1 Rd8 $11) 13... dxc5 14. Rad1 Be6 15.
e5 Nd5 16. f4 Rad8 17. Ne4 f6 $132) 13. f4 Nc4 14. Qc1 $14 {[%csl Rc4][%cal
Ga4a5]} Nb6 $6 (14... d5 15. exd5 (15. e5 Nd7 16. b3 Na5 $8 17. Qd2 $14 {
[%csl Ra5][%cal Gc3d5]}) 15... Nxd5 16. Nxd5 cxd5 17. Bxg7 Kxg7 18. Nd4 Qc5 19.
c3 $14 {[%csl Rd5]}) 15. a5 Nbd7 16. Qd2 Nf8 17. Rad1 $16 {[%csl Rd6]} Be6 $6
18. g4 {[%cal Rg4g5,Gf4f5]} Bc4 (18... d5 $2 19. e5 {[%cal Rf4f5,Rf5f6]} Nxg4
20. hxg4 Bxg4 21. Rde1 $16 {/+-}) (18... Red8 19. f5 $18) 19. g5 Nh5 20. Bxg7
Nxg7 21. Qxd6 $18 {Thats the result of dubious blacks play in the opening:
pawn less and completly losing position.Rest of the game is matter of technic.}
Nge6 22. Qxe7 Rxe7 23. Rf2 Nc5 24. Ng3 Nfe6 25. b3 Ba6 26. b4 Nd7 27. e5 {
[%cal Gg3e4,Ge4d6]} Bc4 28. Nge4 Nef8 29. Nd6 Ba6 30. Nce4 Rb8 31. c4 {[%csl
Ra6][%cal Rb4b5]} b6 32. b5 cxb5 33. cxb5 1-0

[Event "New York op"]
[Site "New York"]
[Date "2000.05.09"]
[Round "7"]
[White "Becerra Rivero, Julio"]
[Black "Smirin, Ilia"]
[Result "0-1"]
[WhiteElo "2541"]
[BlackElo "2666"]
[Annotator "Smirin,I"]
[PlyCount "88"]
[EventDate "2000.05.05"]
[EventType "swiss"]
[EventRounds "9"]
[EventCountry "USA"]
[SourceTitle "CBM 076 Extra"]
[Source "ChessBase"]
[SourceDate "2000.07.11"]
[SourceVersion "1"]
[SourceVersionDate "2000.07.11"]
[SourceQuality "1"]

{Oratovsky,M} 1. e4 d6 2. d4 Nf6 3. Nc3 g6 4. Be3 c6 5. f3 Nbd7 6. Qd2 b5 {
Black waits with development of the bishop f8.It is not necessary to lose a
tempo after} (6... Bg7 7. Bh6) 7. h4 Nb6 (7... h5 8. Nh3 Bg7 9. Ng5 Qa5 10. Be2
Nb6 11. Nd1 Qxd2+ 12. Bxd2 O-O $11 {McShane,L-Gufeld,E/London SCCU op 1995 0-1
(30)}) 8. a4 $6 {critical position of the opening.In my opinion white has
chosen not the best move.Other possibilities are:} (8. g4 $5 h5 (8... h6 9. Bd3
Bg7 10. Nge2 Qc7 11. Ng3 b4 12. Nce2 c5 13. c3 a5 14. h5 $14 {Sedina,E-Manca,F/
Marostica op 1995 (26)}) 9. g5 Nfd7 10. f4 Bg7 11. b3 O-O 12. Bg2 Bb7 13. Nge2
b4 14. Nd1 c5 $13 {1/2-1/2 Sedina,E-Sarno,S/Asti op 1995 (40)}) (8. Bh6 b4 9.
Nd1 Bxh6 10. Qxh6 Qc7 11. Ne2 a5 12. Ne3 c5 13. d5 c4 14. g4 a4 15. h5 Rf8 16.
Bh3 Qc5 $15 {Weiss,C-Meister,Y/Linz 1995 0-1 (28)}) 8... b4 9. Nd1 a5 10. b3 h5
$5 {preventing white counterplay on kingside after g4} (10... Bg7 11. Bh6) 11.
Nf2 Bg7 12. Ngh3 Qc7 13. Be2 ({deserved attention} 13. Rd1 $5 c5 14. Bb5+ Bd7
15. dxc5 dxc5 16. O-O $13) 13... c5 14. dxc5 dxc5 15. O-O O-O 16. Rad1 c4 $5
17. Bf4 ({Also after} 17. Bxb6 Qxb6 18. Bxc4 Bxh3 19. gxh3 Rad8 (19... Rfd8 20.
Qg5 e6 $44) 20. Qg5 Nd7 21. Rd5 $1 $13) 17... Qc6 $15 18. Ng5 $6 (18. Bh6 $5)
18... Ba6 19. Qe3 Nfd7 $5 (19... Rfc8) 20. g4 Nf6 $6 {missing simple
possibility to get very comfortable position after} (20... hxg4 21. Nxg4 Qc5 $1
$17) 21. Bh2 Rfc8 22. Rd2 Nbd7 23. gxh5 $6 {interesting was} (23. e5 $5 Nd5 24.
Rxd5 Qxd5 25. e6 fxe6 26. Rd1 Qc6 27. Nxe6 (27. Rxd7 cxb3 $1 (27... Qxd7 28.
Qe4 $1 Rf8 29. Qxg6 Rf6 30. Qh7+ Kf8 31. bxc4 $36) 28. Rxe7 bxc2 29. Rxg7+ Kxg7
30. Qe5+ Kg8 31. Qf6 c1=Q+ 32. Kg2 Qxg5 $8 33. hxg5 e5 $19) 27... cxb3 28. cxb3
Bxe2 29. Qxe2 Ne5 30. Ng5 $15 {with compensation}) 23... Nxh5 24. e5 Qc5 $1 25.
Qe4 Nf8 26. Rd5 Qb6 27. Bxc4 (27. bxc4 Bb7 28. Rb5 (28. Qd4 Qc7 29. Rb5 Bc6 $17
{[%cal Gf8d7]}) 28... Bxe4 29. Rxb6 Bxc2 $17 {[%cal Gb4b1]}) 27... Bxc4 28.
bxc4 Qc6 29. Rb5 Qxc4 30. Rb7 f6 $1 31. exf6 exf6 32. Nf7 f5 $1 33. Qe7 $6 (33.
Qxc4 Rxc4 34. Be5 Bxe5 35. Nxe5 Rxc2 $17 {/-+}) 33... Re8 34. Qg5 Qc6 35. Rc7
Qxf3 36. Bd6 Ra6 $138 {Giving to white possibility to comlicate position in
mutual timetrouble after tricky 37.Qh6!.} (36... Rac8 $19) 37. Qh6 $1 {[#]} {
[%tqu "En","How to win?","","","f3e3","",10,"a6d6","",0,"g7h6","",0]} Qe3 $8 {
other moves promises to white at least draw!} (37... Rxd6 38. Qh8+ $3 Bxh8 39.
Nh6#) (37... Bxh6 38. Nxh6+ Kh8 39. Be5+ $1 Rxe5 (39... Ng7 40. Bxg7+ Kh7 41.
Bxf8+ Kh8 42. Bg7+ Kh7 43. Bf6+ Kxh6 44. Bg5+ Kh5 45. Rh7#) 40. Nf7+ Kg8 (40...
Kg7 41. Nxe5+ $18) 41. Nh6+ $11) 38. Qxe3 Rxe3 $19 {In arising endgame white
finds himself with pawn less and lost position.} 39. Nd3 b3 40. Nc5 Rxd6 41.
Nxd6 bxc2 42. Ncb7 ({Doesn't help} 42. Rc1 Re2 43. Nb3 Be5 $1 44. R7xc2 Bh2+
45. Kf1 Ng3#) 42... Re2 43. Rc4 Ne6 44. Nb5 Nef4 0-1

[Event "Olympiad-30"]
[Site "Manila"]
[Date "1992.06.08"]
[Round "1.1"]
[White "Wong, Meng Kong"]
[Black "Speelman, Jonathan S"]
[Result "1-0"]
[WhiteElo "2415"]
[BlackElo "2630"]
[Annotator "Speelman,J"]
[PlyCount "93"]
[EventDate "1992.06.08"]
[EventType "team-swiss"]
[EventRounds "14"]
[EventCountry "PHI"]
[SourceTitle "CBM 030"]
[Source "ChessBase"]
[SourceDate "1992.10.01"]
[SourceVersion "1"]
[SourceVersionDate "1992.10.01"]
[SourceQuality "1"]
[WhiteTeam "Singapore"]
[BlackTeam "England"]
[WhiteTeamCountry "SIN"]
[BlackTeamCountry "ENG"]

1. d4 d6 2. e4 Nf6 3. Nc3 g6 4. Be3 c6 5. Qd2 Nbd7 6. a4 Ng4 $5 {or perhaps ?!}
7. Bg5 h6 8. Bh4 Qa5 9. Be2 Ngf6 10. Nf3 $6 (10. f4 $1 $16 {Intending e5 -
Space,centre}) 10... Bg7 (10... b5 $2 11. b4 $1) 11. O-O g5 12. Bg3 Nh5 13. b4
Qc7 (13... Qxb4 $2 14. a5) 14. a5 O-O 15. Ra3 Rb8 16. Nd1 Ndf6 $6 (16... Nxg3
17. fxg3 (17. hxg3) 17... Nf6) 17. e5 $6 (17. Nxg5 hxg5 18. Qxg5 Nxg3 (18...
Nxe4 19. Qxh5 $16) 19. Rxg3 Ne8 $44) 17... Nxg3 18. fxg3 dxe5 19. Nxe5 Be6 20.
h4 $5 Rbd8 21. Rd3 $1 c5 $2 {intending 22...Ne4} (21... Rxd4 $5) 22. bxc5 Rxd4
(22... Ne4 23. Qe3 Nxc5 24. Rc3 $2 (24. Nxf7 $1) 24... Rxd4 25. Qxd4 Bxe5 26.
Qxc5 Qxc5+ 27. Rxc5 Bd4+) 23. Rxd4 Qxe5 24. Nf2 Qxc5 25. hxg5 hxg5 26. Rb1 $1 {
intending Rb1-b5 xg5} a6 27. Rxb7 Bd5 28. Rbb4 (28. Qb4 $1 Qxc2 (28... Nd7 $2
29. Rxd7 Bxd4 30. Qxc5 Bxc5 31. Rxd5) 29. Rxe7) 28... e5 {only move} 29. Rbc4
$1 Bxc4 30. Rxc4 Qa3 31. Qxg5 Qxa5 32. Nd3 $14 {at least +=} Qb6+ 33. Kh2 e4 $5
{xf4} 34. Nf4 a5 35. Rc5 Ra8 $5 36. Rb5 Qc7 37. Rc5 Qd8 $4 {Time trouble} (
37... Qb6 $14 {or perhaps +/- but time trouble}) 38. Bc4 $16 Qd7 $2 39. Rf5 $1
$18 Qd4 40. Nh5 Nh7 41. Qg6 Kh8 42. Rxf7 Nf8 43. Qg4 e3 44. Qh3 Nh7 45. Nxg7
Qxc4 46. Ne6 Qe4 47. Ng5 1-0

[Event "ESP-chT"]
[Site "Cala Galdana"]
[Date "1994.??.??"]
[Round "?"]
[White "Speelman, Jonathan S"]
[Black "Azmaiparashvili, Zurab"]
[Result "1-0"]
[WhiteElo "2600"]
[BlackElo "2625"]
[Annotator "Speelman,J"]
[PlyCount "83"]
[EventDate "1994.??.??"]
[EventType "team"]
[EventRounds "9"]
[EventCountry "ESP"]
[SourceTitle "CBM 043"]
[Source "ChessBase"]
[SourceDate "1994.12.01"]
[SourceVersion "1"]
[SourceVersionDate "1994.12.01"]
[SourceQuality "1"]

1. d4 d6 2. e4 Nf6 3. f3 e6 $5 4. Be3 Be7 5. c4 (5. Nh3 e5 $1 $11) 5... O-O (
5... d5 6. cxd5 exd5 7. e5 Nfd7 8. Nc3 Nb6 9. Bd3 {White is better}) 6. Nc3 c5
7. d5 (7. dxc5 dxc5 8. Qxd8 Rxd8 9. e5 Nfd7 10. f4) 7... a6 8. a4 b6 9. Bd3 Bb7
$6 {Provocation!} (9... Ra7) (9... Nbd7 10. b3 (10. f4 $5)) 10. Nh3 (10. Nge2)
10... e5 11. g3 (11. Nf2 Nh5 12. g3 Bg5 $1) 11... Nh5 12. f4 exf4 13. gxf4 g6
14. Rg1 $5 Ng7 15. Ng5 $2 {missing 16...f6!} (15. Qf3) 15... Bxg5 $1 16. Rxg5
f6 $1 (16... f5 $2 17. exf5) 17. Rg1 f5 18. Qf3 fxe4 $5 (18... Nd7 19. Bc2) 19.
Nxe4 Nd7 20. Bc2 (20. Nxd6 $4 Ne5) 20... Qh4+ $5 (20... Nf6) (20... Nf5) (20...
Qe7) (20... Ne5 21. Qe2 Qh4+ 22. Kd1 $1 (22. Kd2 $2 Rxf4) 22... Nxc4 $5 (22...
Rxf4) (22... Nf7) 23. Qxc4 Nf5 (23... Qh5+) 24. Bd2 (24. Bf2 $2 Qxf2) (24. Qd3)
24... Qxh2 25. Re1 (25. Qf1 $2 Bxd5 26. Rh1 Ng3) 25... b5 26. Qd3) 21. Bf2 Qe7
22. O-O-O Ne5 23. Qe2 Rxf4 24. Bg3 Nh5 $4 (24... Raf8 $44) (24... Rg4 25. Rgf1
$1) 25. Qxh5 $1 $18 gxh5 (25... Rxe4 26. Bxe4 gxh5 27. Bxe5+ Kf8 28. Rdf1+ Ke8
29. Rg8+ Kd7 30. Bf5+ Kc7 31. Rg7) 26. Bxf4+ Ng6 (26... Ng4 27. h3) 27. Bg5 $1
Qe5 28. Nf6+ Kh8 29. Bxg6 $1 (29. Nxh7 Kxh7 30. Bxg6+ $18) 29... hxg6 30. Rde1
Qxh2 31. Re7 $1 Qxg1+ 32. Kc2 Qf2+ 33. Kb3 Qf3+ 34. Ka2 Qxf6 35. Bxf6+ Kg8 36.
Rxb7 b5 37. Rg7+ Kf8 38. Rh7 bxa4 39. Bc3 Re8 40. Rh8+ Kf7 41. Rxe8 Kxe8 42.
Bf6 $1 1-0

[Event "Olympiad-31"]
[Site "Moscow"]
[Date "1994.12.13"]
[Round "12.3"]
[White "Van der Sterren, Paul"]
[Black "Speelman, Jonathan S"]
[Result "0-1"]
[WhiteElo "2605"]
[BlackElo "2600"]
[Annotator "Speelman,J"]
[PlyCount "94"]
[EventDate "1994.12.01"]
[EventType "team-swiss"]
[EventRounds "14"]
[EventCountry "RUS"]
[SourceTitle "CBM 045"]
[Source "ChessBase"]
[SourceDate "1995.04.01"]
[SourceVersion "1"]
[SourceVersionDate "1995.04.01"]
[SourceQuality "1"]
[WhiteTeam "Netherlands"]
[BlackTeam "England"]
[WhiteTeamCountry "NED"]
[BlackTeamCountry "ENG"]

1. d4 {Stohl Hecht} d6 2. e4 Nf6 3. f3 {A ploy often used by players who
employ the Saemisch Variation against the King's Indian as after 3...g6, White
would play 4.c4!.} d5 (3... e5 4. dxe5 dxe5 5. Qxd8+ Kxd8 6. Bc4 Ke8 7. Be3
Nbd7 8. Nd2 Bc5 9. Bg5 h6 10. Bh4 Be7 11. Bf2 Bc5 12. Nh3 Bxf2+ 13. Nxf2 Ke7
14. O-O-O Nc5 15. b4 $5 Na4 16. Bb3 Nc3 17. Rde1 Be6 18. Kb2 Nb5 19. Nd3 Nd7
20. Bxe6 Kxe6 21. a4 $1 Nd6 22. c4 b6 23. c5 $1 bxc5 24. bxc5 Nb7 25. Nb3 Nb8
26. Nb4 a5 27. c6 $3 $16 {Kramnik,V-Speelman Biel 1993.}) 4. e5 (4. Nc3 {Stohl}
dxe4 5. Bg5 $5 (5. fxe4 e5 $132) 5... exf3 6. Nxf3 e6 7. Bd3 Be7 8. O-O Nc6 9.
Kh1 Nb4 10. Ne5 O-O $5 11. Bxf6 Bxf6 12. Bxh7+ Kxh7 13. Qh5+ Kg8 14. Ne4 g6 15.
Nxg6 fxg6 16. Qxg6+ Bg7 17. Ng5 Rf6 18. Qh7+ Kf8 19. Qg6 Kg8 $10 {Ward,
C-Hodgson,J/BCF-ch Dundee/1993/}) 4... Ng8 (4... Nfd7 5. f4 c5 6. Nf3 Nc6 7.
Be3 $1 cxd4 8. Nxd4 Nxd4 9. Bxd4 Nb8 10. Nc3 (10. Nd2 {Stohl} Nc6 11. Bf2 h5 $6
12. c3 Bf5 13. Qb3 Qd7 14. Be2 e6 15. O-O Be7 16. c4 $1 d4 17. Bd3 a5 18. Bxf5
exf5 19. Rad1 a4 20. Qg3 O-O 21. Nf3 Bc5 22. Qg5 $16 {Knaak,R-Heinatz,T/BL
9394/1994/}) 10... Nc6 11. Bb5 e6 12. a3 Bd7 13. Bxc6 Bxc6 $2 14. O-O g6 15.
Qd2 $16 {Gelfand,B-Adams,M Wijk aan Zee 1994.}) 5. c4 (5. c3 c5 6. f4 cxd4 7.
cxd4 Nc6 8. Nc3 Nh6 $1 9. Be2 Nf5 10. Nf3 e6 11. a3 Bd7 $13 {Gofshtein,L-Beim,
V/Tel Aviv/1992/} (11... Bd7 {Stohl} 12. b4 Rc8 13. Qd2 Be7 14. Bb2 O-O 15. O-O
a5 16. g4 axb4 17. axb4 Nh6 18. h3 Bxb4 19. f5 f6 $1 20. exf6 Qxf6 21. g5 Qxf5
22. gxh6 Qxh3 23. Rf2 Qxh6 24. Qxh6 gxh6 $13 {Gofshtein,L-Beim,V/Tel Aviv/1992/
})) 5... e6 (5... dxc4 {Stohl} 6. Bxc4 e6 7. f4 Ne7 8. Nf3 Nbc6 9. Nc3 $13 {
1/2:1/2,Psakhis,L-Beim,V/Herzliya/1993/}) 6. Nc3 (6. cxd5 {Stohl} exd5 $5 (6...
Qxd5 7. Nc3 $14) 7. Nc3 Bb4 8. Bd3 Ne7 $13) 6... dxc4 7. Be3 (7. Bxc4 c5 $1 {
Speelman} (7... Nd7 $13 {Stohl})) 7... Nd7 8. Qa4 (8. Bxc4 $2 Nxe5 $1 9. dxe5
Qh4+ 10. Bf2 Qxc4 $17) (8. f4 {Stohl} Nb6 9. Bxc4 Nxc4 10. Qa4+ Bd7 11. Qxc4
Bc6 12. Nf3 Ne7 $17) 8... Ne7 9. Bxc4 Nf5 10. Bf2 c6 $1 11. Bd3 (11. Qd1 {Stohl
} Nb6 12. Bb3 Bb4 $5 13. a3 Ba5 $15) 11... Nb6 12. Qa5 (12. Qd1 {Stohl} Nxd4
13. Bxh7 Nxf3+ 14. Qxf3 Rxh7 $17) 12... Nxd4 13. Rd1 c5 14. Nge2 {Although it
seems as though White has a massive initiative, Speelman's 18th move was
probably missed by van der Sterren.} (14. Bb5+ Bd7 15. Bxd4 cxd4 16. Rxd4 Bc5
17. Bxd7+ Nxd7 18. Qxd8+ Rxd8 $15) (14. Nb5 {Stohl} Nc6 15. Qc3 Nd5 $17) 14...
Nc6 15. Bb5 (15. Qa3 $2 {Stohl} c4 $19) (15. Qb5 {Stohl} Bd7 $1 $19) 15... Qc7
16. Bxc6+ (16. O-O {Stohl} Bd7 17. Bxc6 Qxc6 {/\Nc4-+} 18. Ne4 Nd5 $17 {/\b6})
16... Qxc6 17. Nb5 (17. Ne4 {Stohl} Nd5 $1 $17) 17... Nd5 18. Rxd5 (18. O-O {
Stohl} b6 19. Qa4 Bd7 $19) 18... b6 $3 19. Qa4 (19. Nxa7 {Stohl} exd5 20. Nxc6
bxa5 $19) 19... exd5 20. Nc7+ Kd7 21. Qxc6+ Kxc6 22. Nxa8 Be7 (22... b5 $6 {
Stohl} 23. Kd2 Bb7 24. Nd4+ $1 $132) 23. Nf4 Be6 24. Nxb6 axb6 25. Nxe6 fxe6 {
Material is equal but Black has emerged with a winning advantage thanks to his
excellent pawn structure and the semi-open a-file.} 26. Kd2 Ra8 27. a3 d4 28.
Re1 Kd5 29. Re4 (29. f4 Rf8 30. Bg3 (30. g3 g5 $1 $19) 30... c4 $17) 29... Rf8
30. Kc2 (30. Bh4 {Stohl} Bxh4 31. Rxh4 h6 32. Rg4 Rf7 33. f4 c4 $19) (30. b3 {
Stohl} Ra8 31. a4 b5 $1 32. axb5 Ra2+ 33. Ke1 Rb2 34. Rf4 Bd8 $5 $19) 30... b5
(30... Rf5 {Stohl} 31. Bg3 b5 $36) 31. h3 (31. b4 {Stohl} Rf5 32. bxc5 Bxc5 {
/\d3,Re5-+} 33. Bg3 Bxa3 34. Kd3 Bc5 35. Re1 Rf7 36. Ra1 Ra7 $19) 31... Rf5 {
Passive defence with 32.Bg3 would have not lasted long after 32...c4.} 32. b4 (
32. Bg3 {Stohl} c4 $19) 32... Rxe5 33. Rxe5+ Kxe5 34. bxc5 Bxc5 35. Kd3 Kd5 36.
f4 {Placing another pawn on a Black square but White had to prevent ...e5.} g6
37. Bg1 Bd6 (37... Bxa3 {Stohl} 38. Bxd4 Bd6 $19) 38. g3 g5 39. Bxd4 (39. fxg5
Bxg3 $19 {And Black has two connected passed pawns in the centre.} (39... e5 {
Hecht} 40. h4 (40. g4 {Stohl} e4+ $19) 40... e4+ 41. Kd2 Bxg3 $19)) 39... gxf4
40. gxf4 Bxf4 41. Bb2 Bd6 42. Bc1 Bc5 43. Kc3 e5 44. Kb3 (44. Kd3 {Stohl} Bd4
$19 {(.)}) 44... e4 45. a4 (45. Kc3 {Stohl} Bd4+ 46. Kd2 Kc4 $19) 45... bxa4+
46. Kxa4 Kc4 47. Bh6 e3 (47... e3 48. Bxe3 (48. h4 {Hecht} e2 49. Bd2 h5 50.
Be1 Bd4 51. Ka3 Bc3 52. Bf2 e1=Q 53. Bxe1 Bxe1 54. Kb2 Kd3 $19) 48... Bxe3 49.
Ka3 Kc3 (49... h5 {Hecht} 50. Kb2 Kd3 51. Kb3 h4 52. Kb4 Ke4 53. Kc4 Kf3 54.
Kd3 Ba7 55. Kd2 Kg3 56. Ke2 Kxh3 57. Kf1 Kg3 $19) (49... Kd3 {Stohl} 50. Kb3 h5
{/\Ba7,Ke3-f3-g3}) 50. Ka2 h5 51. Kb1 h4 52. Ka2 Kd2 53. Kb2 Ke2 54. Kc2 Kf3
55. Kd3 Ba7 56. Kd2 Kg3 57. Ke1 Kxh3 58. Kf1 Kh2 59. Ke2 Kg2 $19) 0-1

[Event "Oakham YM"]
[Site "Oakham"]
[Date "1992.??.??"]
[Round "4"]
[White "Tiviakov, Sergei"]
[Black "Hennigan, Michael"]
[Result "1/2-1/2"]
[WhiteElo "2575"]
[BlackElo "2375"]
[Annotator "Stohl,I"]
[PlyCount "59"]
[EventDate "1992.03.??"]
[EventType "swiss"]
[EventRounds "9"]
[EventCountry "ENG"]
[SourceTitle "CBM 030"]
[Source "ChessBase"]
[SourceDate "1992.10.01"]
[SourceVersion "1"]
[SourceVersionDate "1992.10.01"]
[SourceQuality "1"]

1. e4 d6 2. d4 Nf6 3. Nc3 g6 4. Bg5 Bg7 5. Qd2 (5. e5 dxe5 (5... Nfd7 $142 $5
$13) 6. dxe5 Qxd1+ 7. Rxd1 Nfd7 8. f4 $6 (8. Nd5 Bxe5 9. Nf3 Bd6 10. Bxe7 Bxe7
11. Nxc7+ Kd8 12. Nxa8 b6 13. Ne5 $36) 8... c6 9. Bh4 Nf8 10. Bc4 Be6 11. Bxe6
Nxe6 12. Nge2 g5 $1 13. fxg5 Nd7 14. Ng3 Nxe5 15. Nf5 Ng6 16. Nxg7+ Nxg7 17.
Bf2 Ne6 18. Ne4 b6 $15 {Delchev,A-Moldovan,D,Mamaia WchJ 1991-EXP 25}) (5. f4
c6 (5... O-O 6. Qd2 c5 $5 7. dxc5 dxc5 8. Qxd8 Rxd8 9. e5 Nh5 10. Bxe7 Re8 11.
Bd6 Nxf4 12. O-O-O Bg4 13. Re1 Nc6 14. h3 Nxe5 15. hxg4 Ned3+ 16. Bxd3 Nxd3+
17. cxd3 Rxe1+ 18. Kd2 Rae8 19. Bxc5 b6 $44 {Voekler,B-Babula,V,Morava D
1991-EXP 24}) 6. Nf3 O-O 7. Bd3 Qb6 8. Qd2 Bg4 9. e5 Bxf3 10. gxf3 Nd5 11. Nxd5
cxd5 12. c3 f6 13. exf6 exf6 14. Bh4 Re8+ 15. Kf1 f5 $13 {Shirov,A-Jansa,V,
Kerteminde 1991-CBM 23}) 5... c6 (5... Nc6 $5 {N} 6. Bb5 Bd7 7. f3 e5 8. Nge2
h6 9. Be3 a6 10. Bxc6 Bxc6 11. O-O-O Qe7 12. g4 exd4 13. Bxd4 O-O-O 14. Nf4 Qf8
15. Rhe1 Kb8 16. Nce2 Nd7 17. Qc3 Be5 18. Nd3 f5 $1 $132 {Sokolov,I-Gurevich,M,
Barcelona 1992-CBM 30}) 6. f4 b5 7. Bd3 O-O 8. Nf3 Nbd7 (8... Bg4 $142 $13) 9.
O-O (9. e5 b4 10. Ne2 Nd5 $5 (10... dxe5 11. fxe5 Nd5 12. Bh6 $40) 11. exd6 f6
12. dxe7 Qxe7 13. Bh4 Ne3 14. Rg1 Nb6 $146) 9... Nb6 (9... b4 $5 10. Ne2 Qb6
$132) 10. Rae1 (10. f5 $142 $5 d5 11. e5 b4 12. exf6 exf6 13. Bf4 bxc3 14. Qxc3
$16 {Pribyl,J-Wagman,S,Eksjo 1978}) 10... b4 11. Ne2 $6 {N} (11. Nd1 c5 12. c3
bxc3 13. bxc3 cxd4 14. cxd4 d5 $5 (14... Bb7 15. f5 $1 $40 {Byrne,R-Gislis,A,
Sousse izt 1967}) 15. e5 (15. Bxf6 $5 exf6 16. e5 fxe5 17. fxe5 Be6 $13) 15...
Ne4 16. Bxe4 dxe4 17. Rxe4 Ba6 $146 {Byrne,R-Portisch,L,Hastings 1970/71})
11... c5 12. c4 bxc3 13. bxc3 cxd4 14. cxd4 d5 15. Bxf6 $8 (15. e5 Ne4 $17)
15... exf6 $1 (15... Bxf6 16. e5 Bg7 17. f5 $1 gxf5 18. Nf4 $40) 16. Nc3 (16.
e5 Nc4 17. Qc1 Ba6 $15 {/\Qb6,Rc8}) 16... dxe4 17. Bxe4 Rb8 18. Bc6 (18. f5 Nc4
19. Qf4 Nd6 $36) 18... Ba6 19. Rf2 Nc4 20. Qe2 Qa5 $15 {^^|^} (20... Qd6 $5 21.
Nd5 Kh8 $17) 21. Nd5 Ne5 (21... Rb2 22. Qe7 Rxf2 23. Kxf2 Qxa2+ 24. Kg3 $146)
22. Ne7+ $8 Kh8 23. Qd2 $1 $15 Qxd2 (23... Nxc6 $6 24. Nxc6 Qxd2 25. Rxd2 Rb6
26. d5 $36) 24. Rxd2 Nd3 25. Red1 Nxf4 26. g3 $6 (26. d5 $142 Ne2+ (26... f5 $5
27. d6 Bc3 28. Rc2 Bf6 $15) 27. Kh1 (27. Kf2 Nc3 28. Re1 Bh6 $40) 27... Nc3 28.
Re1 $15 {<=>}) 26... Ne2+ 27. Kg2 Nc3 28. Re1 (28. Rc1 $2 Bh6 $1 29. Rxc3 Bxd2
30. Nxd2 Rb2 $19) 28... Nb5 29. Bd5 Nd6 $17 {T} 30. Nc6 (30. Nc6 Rb7 {/\Rc7-/+
[Stohl]}) 1/2-1/2